Detalles MARC
| 000 -CABECERA |
| campo de control de longitud fija |
03230nam a2200289 i 4500 |
| 001 - NÚMERO DE CONTROL |
| campo de control |
000017145 |
| 003 - IDENTIFICADOR DEL NÚMERO DE CONTROL |
| campo de control |
DO-SdBNP |
| 005 - FECHA Y HORA DE LA ÚLTIMA TRANSACCIÓN |
| campo de control |
20250807145439.0 |
| 007 - CAMPO FIJO DE DESCRIPCIÓN FÍSICA--INFORMACIÓN GENERAL |
| campo de control de longitud fija |
ta |
| 008 - DATOS DE LONGITUD FIJA--INFORMACIÓN GENERAL |
| campo de control de longitud fija |
100318s2000 dr r 000 0 spa d |
| 020 ## - NÚMERO INTERNACIONAL ESTÁNDAR DEL LIBRO |
| Número Internacional Estándar del Libro |
9993480258 |
| 040 ## - FUENTE DE LA CATALOGACIÓN |
| Centro catalogador/agencia de origen |
DO-SdBNP |
| Lengua de catalogación |
spa |
| Centro/agencia transcriptor |
BNPHU |
| Normas de descripción |
rda |
| 041 ## - CÓDIGO DE LENGUA |
| Código de lengua del texto/banda sonora o título independiente |
spa |
| 082 #4 - NÚMERO DE LA CLASIFICACIÓN DECIMAL DEWEY |
| Número de clasificación |
BNPHU DS RD868.5 C733c |
| Número de documento/Ítem |
C733c |
| Número de edición |
22 |
| 245 10 - MENCIÓN DE TÍTULO |
| Título |
Coloquios ´99 / |
| Mención de responsabilidad, etc. |
Comisión permanente de la feria nacional del libro Santo Domingo. |
| 264 ## - PRODUCCIÓN, PUBLICACIÓN, DISTRIBUCIÓN, FABRICACIÓN Y COPYRIGHT |
| Producción, publicación, distribución, fabricación y copyright |
Santo Domingo, República Dominicana : |
| Nombre del de productor, editor, distribuidor, fabricante |
Comisión Permanente de la Feria del Libro, |
| Fecha de producción, publicación, distribución, fabricación o copyright |
2000. |
| 300 ## - DESCRIPCIÓN FÍSICA |
| Extensión |
443 páginas. ; |
| Dimensiones |
23 cm. |
| 336 ## - TIPO DE CONTENIDO |
| Término de tipo de contenido |
texto |
| Código de tipo de contenido |
txt |
| Fuente |
rdacontent |
| 337 ## - TIPO DE MEDIO |
| Nombre/término del tipo de medio |
sin mediación |
| Código del tipo de medio |
n |
| Fuente |
rdamedia |
| 338 ## - TIPO DE SOPORTE |
| Nombre/término del tipo de soporte |
volumen |
| Código del tipo de soporte |
nc |
| Fuente |
rdacarrier |
| 505 ## - NOTA DE CONTENIDO CON FORMATO |
| Nota de contenido con formato |
Pedro Henríquez Ureñas hoy /Andrés L. Mateo 17|Pedro Henríquez Ureña : conciencia de estilo en sus cartas 23|Pedro Henríquez Ureña en la cifra de las ideas / José M. Fernández Pequeño 27|Pedro Henríquez Ureña y Alfonso Reyes / Soledad Alvarez 33|La sociología en República Dominicana a finales de siglo /Rubén Silié 47|30 años después : la demografía en la República Dominicana 61|Historiografía dominicana contemporánea / Frank Moya Pons 79|Consecuencias de la expedición de junio de 1959 / Roberto Cassá 99|Un nuevo olimpo para viejos héroes / Juan Delancer 109|La expedición del 14 de Junio y el valor actual de sus aportes / Rafael Chajub Mejía 115|Memorias de Junio de 1959 / Franklin Franco Pichardo 123|El manejo del discurso histórico en los libros de texto / Carlos Andújar Persinal 139|Los libros de texto de historia dominicana en la ReRepública Dominicana / Maria Filomena González Canalda 145|La ilustración y los libros de texto de historia dominicana / Eleonor Grimaldi Silié 157|La historia de Haití y de la República Dominicana a través de los libros de texto tradicionales / Carlos Segura 175|La renovación de la novela histórica dominicana / Manuel Salvador Gautier 187|La novela histórica en el contexto dominicano / Avelino Stanley 207|La novela histórica, los dinosaurios y la mala memoria / Diógenes Valdéz 215|Juro que sabré vengarme : una novela histórica / Miguel Holguín Veras 231|Validez de la novela histórica / Carlos Esteban Deive 237|Las tinieblas del dictador en el proceso histórico antillano / Haffe Serulle 245|Lilís y cultura política del dominicano / Adriano Miguel Tejada 253|Sobre el enjuciamiento de la obra gubernativa de la dictadura de Heureaux / Jaime de Jesús Dominguez 261|Ulises Heureaux (Lilís) militar, político y gobernante / Euclides Gutiérrez Félix 267|Magnicidio del General Ulises Heureaux : su impacto noticioso en el exterior / José C. Novas 277|Coloquio sobre Juan Rulfo 289|Coloquio sobre Octavio Paz 311|Coloquio sobre Jorge Luis Borges 353|Pedro Páramo: un relato situado entre la vida y la muerte 289|La desesperanza en la obra de Juan Rulfo 297|Pedro Páramo o la convocatoria de la muerte 305|Coloquios sobre Octavio Paz 311|Coloquios sobre Jorge Luis Borges 353 |
| 590 ## - NOTA LOCAL (RLIN) |
| Nota local |
Inventariado, 2023 / DG |
| 650 #4 - PUNTO DE ACCESO ADICIONAL DE MATERIA--TÉRMINO DE MATERIA |
| Término de materia o nombre geográfico como elemento de entrada |
Literatura dominicana - Ensayos, conferencias, etc |
| 9 (RLIN) |
83832 |
| 650 #4 - PUNTO DE ACCESO ADICIONAL DE MATERIA--TÉRMINO DE MATERIA |
| Término de materia o nombre geográfico como elemento de entrada |
Literatura dominicana |
| Subdivisión general |
Historia y crítica |
| 9 (RLIN) |
159 |
| 910 ## - DATOS DE OPCIÓN DEL USUARIO (OCLC) |
| Datos de opción del usuario |
DG |
| 942 ## - ELEMENTOS DE PUNTO DE ACCESO ADICIONAL (KOHA) |
| Fuente del sistema de clasificación o colocación |
Dewey Decimal Classification |
| Tipo de ítem Koha |
Libro |